[Event "CP-2017-Q-00005"]
[Site "LSS email"]
[Date "2017.11.19"]
[Round "?"]
[White "Tyutyunnik, Roman"]
[Black "Muhl, Patrick"]
[Result "1-0"]
[WhiteElo "2100"]
[BlackElo "2435"]
[PlyCount "21"]
[EventDate "2017.11.25"]
[EventType "tourn (corr)"]
[EventRounds "6"]
[EventCountry "GER"]
[SourceTitle "Corr 2022"]
[Source "ChessBase"]
[SourceDate "2021.10.24"]
[SourceVersion "1"]
[SourceVersionDate "2021.10.24"]
[SourceQuality "1"]

1. e4 c5 2. Nf3 d6 3. d4 cxd4 4. Nxd4 Nf6 5. Nc3 a6 6. Be3 e5 7. Nb3 Be6 8. f3 h5 9. Be2 Nbd7 10. Qd2 Qc7 11. a4 1-0

[Event "CP-2017-P-00002"]
[Site "LSS email"]
[Date "2017.09.27"]
[Round "?"]
[White "Dard, Michel"]
[Black "Muhl, Patrick"]
[Result "1-0"]
[WhiteElo "2320"]
[BlackElo "2440"]
[PlyCount "23"]
[EventDate "2017.10.01"]
[EventType "tourn (corr)"]
[EventRounds "6"]
[EventCountry "GER"]
[SourceTitle "Corr 2022"]
[Source "ChessBase"]
[SourceDate "2021.10.24"]
[SourceVersion "1"]
[SourceVersionDate "2021.10.24"]
[SourceQuality "1"]

1. Nf3 d5 2. c4 d4 3. b4 f6 4. e3 e5 5. c5 a5 6. Qa4+ Bd7 7. b5 Bxc5 8. Bc4 Ne7 9. exd4 exd4 10. Ba3 Na6 11. 0-0 Nb4 12. d3 1-0

[Event "CP-2017-P-00002"]
[Site "LSS email"]
[Date "2017.09.27"]
[Round "?"]
[White "Muhl, Patrick"]
[Black "Vodicka, Milan"]
[Result "1-0"]
[WhiteElo "2440"]
[BlackElo "2149"]
[PlyCount "36"]
[EventDate "2017.10.01"]
[EventType "tourn (corr)"]
[EventRounds "6"]
[EventCountry "GER"]
[SourceTitle "Corr 2022"]
[Source "ChessBase"]
[SourceDate "2021.10.24"]
[SourceVersion "1"]
[SourceVersionDate "2021.10.24"]
[SourceQuality "1"]

1. d4 d5 2. c4 c6 3. Nf3 Nf6 4. Nc3 e6 5. Bg5 h6 6. Bh4 dxc4 7. e4 g5 8. Bg3 b5 9. Be2 Bg7 10. e5 Nh5 11. a4 a6 12. Ne4 0-0 13. Qc2 g4 14. Bh4 Qd7 15. Rg1 Ra7 16. h3 gxf3 17. gxf3 f5 18. exf6 Qxd4 1-0

[Event "WC-2017-Q-00005"]
[Site "LSS email"]
[Date "2017.08.22"]
[Round "?"]
[White "Muhl, Patrick"]
[Black "Hoeppenstein, Michael"]
[Result "0-1"]
[WhiteElo "2435"]
[BlackElo "2426"]
[PlyCount "60"]
[EventDate "2017.09.01"]
[EventType "tourn (corr)"]
[EventRounds "12"]
[EventCountry "GER"]
[SourceTitle "Corr 2022"]
[Source "ChessBase"]
[SourceDate "2021.10.24"]
[SourceVersion "1"]
[SourceVersionDate "2021.10.24"]
[SourceQuality "1"]

1. d4 Nf6 2. c4 e6 3. Nf3 d5 4. Nc3 c6 5. Bg5 h6 6. Bh4 dxc4 7. e4 g5 8. Bg3 b5 9. Be2 Bb7 10. h4 g4 11. Ne5 Nbd7 12. Bxg4 Nxe5 13. Bxe5 Rg8 14. Bf3 Nd7 15. Bg3 Qb6 16. 0-0 0-0-0 17. Kh1 Bg7 18. Bh5 Rgf8 19. a4 b4 20. Ne2 Qa5 21. Bf3 Ne5 22. Bxe5 Bxe5 23. Qc1 Bxd4 24. Nxd4 Rxd4 25. Qxh6 Qd8 26. g3 c5 27. Rac1 Rh8 28. Qf4 Qe7 29. Rfd1 e5 30. Qg4+ Kc7 0-1

[Event "WC-2017-S-00001"]
[Site "LSS email"]
[Date "2017.06.07"]
[Round "?"]
[White "Mroczek, Jacek"]
[Black "Muhl, Patrick"]
[Result "1/2-1/2"]
[WhiteElo "2236"]
[BlackElo "2433"]
[PlyCount "39"]
[EventDate "2017.06.15"]
[EventType "tourn (corr)"]
[EventRounds "12"]
[EventCountry "GER"]
[SourceTitle "Corr 2022"]
[Source "ChessBase"]
[SourceDate "2021.10.24"]
[SourceVersion "1"]
[SourceVersionDate "2021.10.24"]
[SourceQuality "1"]

1. d4 Nf6 2. c4 e6 3. Nc3 Bb4 4. e3 0-0 5. Bd3 d5 6. Nf3 c5 7. 0-0 Nc6 8. a3 Bxc3 9. bxc3 dxc4 10. Bxc4 Qc7 11. Bb2 e5 12. h3 Bf5 13. Qe2 Rad8 14. Rfd1 Bg6 15. Bb5 e4 16. Bxc6 bxc6 17. Ne5 Bh5 18. g4 Bg6 19. a4 Nd7 20. Nxd7 1/2-1/2

[Event "WC-2017-S-00001"]
[Site "LSS email"]
[Date "2017.06.07"]
[Round "?"]
[White "O'Toole, Roger"]
[Black "Muhl, Patrick"]
[Result "1-0"]
[WhiteElo "2413"]
[BlackElo "2433"]
[PlyCount "45"]
[EventDate "2017.06.15"]
[EventType "tourn (corr)"]
[EventRounds "12"]
[EventCountry "GER"]
[SourceTitle "Corr 2022"]
[Source "ChessBase"]
[SourceDate "2021.10.24"]
[SourceVersion "1"]
[SourceVersionDate "2021.10.24"]
[SourceQuality "1"]

1. e4 c5 2. Nf3 d6 3. d4 cxd4 4. Nxd4 Nf6 5. Nc3 a6 6. Be3 e5 7. Nb3 Be6 8. f3 h5 9. Nd5 Bxd5 10. exd5 Nbd7 11. Qd2 g6 12. Be2 Bg7 13. 0-0 0-0 14. Rac1 Qc7 15. c4 b6 16. Na1 Nc5 17. Nc2 Rfe8 18. Kh1 e4 19. Nd4 exf3 20. gxf3 Qe7 21. Bg1 a5 22. Bd1 h4 23. Bc2 1-0

[Event "CP-2016-P-00022"]
[Site "LSS email"]
[Date "2016.09.27"]
[Round "?"]
[White "Fayez Hosney, Mohammed"]
[Black "Muhl, Patrick"]
[Result "0-1"]
[WhiteElo "1600"]
[BlackElo "2444"]
[PlyCount "64"]
[EventDate "2016.10.01"]
[EventType "tourn (corr)"]
[EventRounds "6"]
[EventCountry "GER"]
[SourceTitle "Corr 2022"]
[Source "ChessBase"]
[SourceDate "2021.10.24"]
[SourceVersion "1"]
[SourceVersionDate "2021.10.24"]
[SourceQuality "1"]

1. Nf3 d5 2. d4 Nf6 3. c4 e6 4. g3 dxc4 5. Bg2 a6 6. Ne5 Bb4+ 7. Nc3 Nd5 8. 0-0 0-0 9. Qc2 b5 10. Nxd5 exd5 11. b3 c6 12. bxc4 dxc4 13. Rd1 Qc7 14. a3 Bd6 15. a4 Ra7 16. Be3 Rb7 17. Nf3 h6 18. d5 c5 19. Bd2 Bg4 20. h3 Bh5 21. axb5 axb5 22. Re1 Bg6 23. e4 Nd7 24. Ra6 Re8 25. Nh4 Bh7 26. Rea1 Rb6 27. f4 Nf6 28. Nf5 Rxa6 29. Rxa6 Bxf5 30. exf5 h5 31. Rc6 Qb8 32. Bf3 b4 0-1

[Event "CP-2016-P-00022"]
[Site "LSS email"]
[Date "2016.09.27"]
[Round "?"]
[White "Muhl, Patrick"]
[Black "Zeitler, Karl"]
[Result "1/2-1/2"]
[WhiteElo "2444"]
[BlackElo "2096"]
[PlyCount "82"]
[EventDate "2016.10.01"]
[EventType "tourn (corr)"]
[EventRounds "6"]
[EventCountry "GER"]
[SourceTitle "Corr 2022"]
[Source "ChessBase"]
[SourceDate "2021.10.24"]
[SourceVersion "1"]
[SourceVersionDate "2021.10.24"]
[SourceQuality "1"]

1. d4 Nf6 2. c4 e6 3. Nf3 d5 4. Nc3 Be7 5. Bf4 0-0 6. e3 Nbd7 7. Be2 dxc4 8. Bxc4 a6 9. a4 c5 10. 0-0 cxd4 11. Qxd4 b6 12. Rfd1 Bb7 13. Nd2 Bc5 14. Qd3 Qe7 15. Nb3 Rfd8 16. Nxc5 Nxc5 17. Qe2 Nd5 18. Bxd5 exd5 19. Qg4 f6 20. h3 Qd7 21. Qxd7 Rxd7 22. Ne2 Rc8 23. Nd4 Kf7 24. Ra3 Ne6 25. Rb3 Nxd4 26. Rxd4 g5 27. Bg3 Rc6 28. f3 h5 29. h4 Re7 30. Be1 Bc8 31. Kh2 Bf5 32. hxg5 fxg5 33. Bd2 Rb7 34. Bc3 Be6 35. Rbb4 Kg6 36. Rd2 Rd7 37. Rd1 Re7 38. Rbd4 h4 39. Re1 Rc4 40. g4 hxg3+ 41. Kxg3 Rh7 1/2-1/2

[Event "WC-2016-Q-00009"]
[Site "LSS email"]
[Date "2016.08.29"]
[Round "?"]
[White "Muhl, Patrick"]
[Black "Davydov, Andrej"]
[Result "1/2-1/2"]
[WhiteElo "2446"]
[BlackElo "2097"]
[PlyCount "42"]
[EventDate "2016.09.03"]
[EventType "tourn (corr)"]
[EventRounds "12"]
[EventCountry "GER"]
[SourceTitle "Corr 2022"]
[Source "ChessBase"]
[SourceDate "2021.10.24"]
[SourceVersion "1"]
[SourceVersionDate "2021.10.24"]
[SourceQuality "1"]

1. d4 d5 2. c4 c6 3. Nf3 Nf6 4. Nc3 e6 5. Bg5 h6 6. Bh4 dxc4 7. e4 g5 8. Bg3 b5 9. Be2 Bb7 10. h4 g4 11. Ne5 Nbd7 12. Bxg4 Nxe5 13. Bxe5 Rg8 14. Bf3 Nd7 15. Bg3 Qb6 16. Qd2 Bg7 17. Rd1 Rd8 18. Bh5 Nf6 19. Bf3 Nd7 20. Bh5 Nf6 21. Bf3 Nd7 1/2-1/2

[Event "WC-2016-S-00006"]
[Site "LSS email"]
[Date "2016.07.28"]
[Round "?"]
[White "Kahl, Fred"]
[Black "Muhl, Patrick"]
[Result "1/2-1/2"]
[WhiteElo "2345"]
[BlackElo "2453"]
[PlyCount "48"]
[EventDate "2016.08.03"]
[EventType "tourn (corr)"]
[EventRounds "12"]
[EventCountry "GER"]
[SourceTitle "Corr 2022"]
[Source "ChessBase"]
[SourceDate "2021.10.24"]
[SourceVersion "1"]
[SourceVersionDate "2021.10.24"]
[SourceQuality "1"]

1. e4 c5 2. f4 d5 3. exd5 Nf6 4. Bb5+ Bd7 5. Bxd7+ Qxd7 6. c4 e6 7. Qe2 Bd6 8. d3 0-0 9. dxe6 fxe6 10. Nf3 Nc6 11. 0-0 Rae8 12. Nc3 e5 13. f5 Nd4 14. Qd1 Nxf5 15. Bg5 Nh5 16. g4 Nd4 17. Nxd4 exd4 18. Rxf8+ Rxf8 19. Ne4 Nf4 20. Bxf4 Rxf4 21. Nxd6 Qxd6 22. Qe2 Qg6 23. h3 Rf8 24. Re1 Qc6 1/2-1/2

[Event "WC-2016-S-00006"]
[Site "LSS email"]
[Date "2016.07.28"]
[Round "?"]
[White "Ketelhoehn, Bernd"]
[Black "Muhl, Patrick"]
[Result "1/2-1/2"]
[WhiteElo "2429"]
[BlackElo "2453"]
[PlyCount "68"]
[EventDate "2016.08.03"]
[EventType "tourn (corr)"]
[EventRounds "12"]
[EventCountry "GER"]
[SourceTitle "Corr 2022"]
[Source "ChessBase"]
[SourceDate "2021.10.24"]
[SourceVersion "1"]
[SourceVersionDate "2021.10.24"]
[SourceQuality "1"]

1. e4 c5 2. Nf3 d6 3. d3 Nc6 4. g3 g6 5. Bg2 Bg7 6. 0-0 Nf6 7. Nbd2 0-0 8. c3 Rb8 9. a4 a6 10. Re1 e5 11. Nf1 Be6 12. Bg5 h6 13. Bxf6 Qxf6 14. Ne3 Qd8 15. Nd2 h5 16. Rf1 b5 17. axb5 axb5 18. Qe2 Ra8 19. Rxa8 Qxa8 20. f4 exf4 21. gxf4 Qd8 22. f5 Bc8 23. Nd5 Ne5 24. d4 cxd4 25. cxd4 Ng4 26. Qd3 Bd7 27. fxg6 fxg6 28. Nf3 Bc6 29. Nb4 Bb7 30. h3 Nh6 31. d5 Qa5 32. Nc2 Nf7 33. Nfd4 b4 34. Qg3 Ba6 1/2-1/2

[Event "WC-2016-S-00006"]
[Site "LSS email"]
[Date "2016.07.28"]
[Round "?"]
[White "Langer, Raimund"]
[Black "Muhl, Patrick"]
[Result "1-0"]
[WhiteElo "2489"]
[BlackElo "2453"]
[PlyCount "101"]
[EventDate "2016.08.03"]
[EventType "tourn (corr)"]
[EventRounds "12"]
[EventCountry "GER"]
[SourceTitle "Corr 2022"]
[Source "ChessBase"]
[SourceDate "2021.10.24"]
[SourceVersion "1"]
[SourceVersionDate "2021.10.24"]
[SourceQuality "1"]

1. e4 c5 2. Nf3 d6 3. d4 cxd4 4. Nxd4 Nf6 5. Nc3 a6 6. Be3 e5 7. Nb3 Be6 8. Be2 Be7 9. Qd3 Nc6 10. a3 0-0 11. Nd5 Bxd5 12. exd5 e4 13. Qd2 Ne5 14. 0-0 Rc8 15. Rac1 Re8 16. c4 Nfd7 17. Rc3 Bf6 18. Rc2 Rc7 19. h3 h6 20. Nd4 Nc5 21. Nf5 Nb3 22. Qd1 a5 23. c5 Rxc5 24. Bxc5 dxc5 25. Bb5 Rf8 26. Re2 Nd4 27. Nxd4 cxd4 28. Qb3 Nd7 29. d6 d3 30. Ree1 Qb6 31. Qd5 Qc5 32. Qxc5 Nxc5 33. b4 axb4 34. axb4 Nb3 35. Rxe4 Nd2 36. Re3 Nxf1 37. Kxf1 Ra8 38. Rxd3 Kf8 39. g3 g5 40. Kg2 Kg7 41. d7 Be7 42. Re3 Kf6 43. Rf3+ Ke6 44. Rc3 Rd8 45. Rc8 h5 46. Kf3 Kf5 47. Ke3 Ke5 48. Kd3 f5 49. f3 Kd6 50. Kc3 Bf6+ 51. Kc4 1-0

[Event "WC-2016-S-00006"]
[Site "LSS email"]
[Date "2016.07.28"]
[Round "?"]
[White "Muhl, Patrick"]
[Black "Cornel, Matei"]
[Result "1/2-1/2"]
[WhiteElo "2453"]
[BlackElo "2464"]
[PlyCount "80"]
[EventDate "2016.08.03"]
[EventType "tourn (corr)"]
[EventRounds "12"]
[EventCountry "GER"]
[SourceTitle "Corr 2022"]
[Source "ChessBase"]
[SourceDate "2021.10.24"]
[SourceVersion "1"]
[SourceVersionDate "2021.10.24"]
[SourceQuality "1"]

1. d4 d5 2. c4 c6 3. Nf3 Nf6 4. Nc3 e6 5. Bg5 h6 6. Bh4 dxc4 7. e4 g5 8. Bg3 b5 9. Be2 Bb7 10. h4 g4 11. Ne5 Nbd7 12. Bxg4 Nxe5 13. Bxe5 Rg8 14. Bf3 Nd7 15. Bg3 Qb6 16. Qd2 Bg7 17. Rd1 b4 18. Ne2 c5 19. d5 Ne5 20. Bxe5 Bxe5 21. dxe6 Qxe6 22. 0-0 Kf8 23. g3 Re8 24. Rfe1 Kg7 25. Nf4 Qb6 26. Qc1 c3 27. bxc3 Bxc3 28. Re2 Bd4 29. Rxd4 cxd4 30. Rc2 Kh8 31. Nh5 Re7 32. Rc4 Rg6 33. Qb2 a5 34. Rxd4 Kh7 35. a3 Qc5 36. axb4 Qe5 37. bxa5 Rd6 38. Rb4 Qxb2 39. Rxb2 Bxe4 40. Bxe4+ Rxe4 1/2-1/2

[Event "CP-2016-S-00003"]
[Site "LSS email"]
[Date "2016.03.06"]
[Round "?"]
[White "Muhl, Patrick"]
[Black "Domanov, Dmitry"]
[Result "1/2-1/2"]
[WhiteElo "2462"]
[BlackElo "2548"]
[PlyCount "85"]
[EventDate "2016.03.10"]
[EventType "tourn (corr)"]
[EventRounds "7"]
[EventCountry "GER"]
[SourceTitle "Corr 2022"]
[Source "ChessBase"]
[SourceDate "2021.10.24"]
[SourceVersion "1"]
[SourceVersionDate "2021.10.24"]
[SourceQuality "1"]

1. d4 Nf6 2. c4 g6 3. Nc3 Bg7 4. e4 d6 5. Nf3 0-0 6. Be2 Nbd7 7. 0-0 e5 8. Be3 c6 9. d5 c5 10. Bg5 h6 11. Be3 Nh5 12. g3 Nhf6 13. Qc1 Kh7 14. Ne1 a6 15. Ng2 Ng8 16. f3 Ne7 17. g4 f5 18. exf5 gxf5 19. Qd2 b5 20. cxb5 axb5 21. Bxb5 e4 22. fxe4 fxg4 23. Rxf8 Qxf8 24. Rf1 Qg8 25. Nh4 Ne5 26. Kh1 N7g6 27. Nxg6 Nxg6 28. a4 Ra7 29. b4 Rf7 30. bxc5 Rxf1+ 31. Bxf1 Qf8 32. Be2 dxc5 33. d6 Qf6 34. d7 Bxd7 35. Qxd7 Qxc3 36. Bg1 g3 37. hxg3 Qxg3 38. Qg4 Qa3 39. e5 Nxe5 40. Qe4+ Kh8 41. Bf1 Qb4 42. Bg2 Nd7 43. Qxb4 1/2-1/2

[Event "CP-2016-S-00003"]
[Site "LSS email"]
[Date "2016.03.06"]
[Round "?"]
[White "Muhl, Patrick"]
[Black "Felicio, Clairton"]
[Result "1-0"]
[WhiteElo "2462"]
[BlackElo "2376"]
[PlyCount "102"]
[EventDate "2016.03.10"]
[EventType "tourn (corr)"]
[EventRounds "7"]
[EventCountry "GER"]
[SourceTitle "Corr 2022"]
[Source "ChessBase"]
[SourceDate "2021.10.24"]
[SourceVersion "1"]
[SourceVersionDate "2021.10.24"]
[SourceQuality "1"]

1. d4 Nf6 2. c4 e6 3. Nf3 d5 4. Nc3 c6 5. Bg5 h6 6. Bh4 dxc4 7. e4 g5 8. Bg3 b5 9. Be2 Bb7 10. h4 g4 11. Ne5 Nbd7 12. Bxg4 Nxe5 13. Bxe5 Rg8 14. Bf3 Nd7 15. Bg3 Qb6 16. Qd2 Bg7 17. Rd1 0-0-0 18. Bh5 c5 19. d5 b4 20. Ne2 exd5 21. Bxf7 d4 22. Bxc4 Rge8 23. f3 Ne5 24. Bxe5 Bxe5 25. Qd3 Kb8 26. Kd2 h5 27. Rdg1 Qd6 28. Kc1 Rg8 29. Kb1 Rg7 30. Nc1 Bh2 31. Re1 Rxg2 32. Re2 Rxe2 33. Qxe2 Bf4 34. Nd3 Be3 35. Qg2 Rc8 36. e5 Qf8 37. Rf1 Qf5 38. Ka1 a6 39. Qg3 Ka7 40. Qg7 Kb6 41. a4 Qh3 42. a5+ Ka7 43. Re1 Qxf3 44. Qf6 Qc6 45. Qxc6 Bxc6 46. Rf1 b3 47. e6 Be8 48. Rf8 Kb7 49. e7 Kc7 50. Rf6 Bd2 51. Rxa6 Kb7 1-0

[Event "BI-2016-F-0000"]
[Site "LSS email"]
[Date "2016.02.14"]
[Round "?"]
[White "Muhl, Patrick"]
[Black "Kopasov, Evgeny Aleksandrovi"]
[Result "1/2-1/2"]
[WhiteElo "2457"]
[BlackElo "2206"]
[PlyCount "98"]
[EventDate "2016.02.20"]
[EventType "tourn (corr)"]
[EventRounds "10"]
[EventCountry "GER"]
[SourceTitle "Corr 2022"]
[Source "ChessBase"]
[SourceDate "2021.10.24"]
[SourceVersion "1"]
[SourceVersionDate "2021.10.24"]
[SourceQuality "1"]

1. d4 d5 2. c4 c6 3. Nf3 Nf6 4. Nc3 e6 5. Bg5 dxc4 6. e4 b5 7. e5 h6 8. Bh4 g5 9. Nxg5 hxg5 10. Bxg5 Nbd7 11. g3 Bb7 12. Bg2 Qb6 13. exf6 0-0-0 14. 0-0 c5 15. d5 b4 16. Rb1 Qa6 17. dxe6 Bxg2 18. e7 Bxf1 19. Kxf1 Bxe7 20. fxe7 Rdg8 21. Ne4 c3+ 22. Kg1 Rxg5 23. Nxg5 Qg6 24. bxc3 Qxg5 25. Qe2 Qe5 26. Qa6+ Kb8 27. Qb5+ Kc7 28. cxb4 Qxe7 29. Qa5+ Kb7 30. bxc5+ Ka8 31. c6 Ne5 32. Qd5 Qe6 33. Qxe6 fxe6 34. c7 Rc8 35. Kg2 Rxc7 36. Re1 Nd3 37. Rxe6 Rc2 38. Rf6 Rxa2 39. h4 a5 40. h5 Kb7 41. h6 Rc2 42. h7 Rc8 43. g4 a4 44. Rd6 Ne5 45. Re6 Nxg4 46. f3 Nf6 47. Rxf6 Rh8 48. Rf4 Rxh7 49. Rxa4 Kc6 1/2-1/2

[Event "BI-2016-F-0000"]
[Site "LSS email"]
[Date "2016.02.14"]
[Round "?"]
[White "Muhl, Patrick"]
[Black "Sukhanov, Sergey"]
[Result "1/2-1/2"]
[WhiteElo "2457"]
[BlackElo "1948"]
[PlyCount "113"]
[EventDate "2016.02.20"]
[EventType "tourn (corr)"]
[EventRounds "10"]
[EventCountry "GER"]
[SourceTitle "Corr 2022"]
[Source "ChessBase"]
[SourceDate "2021.10.24"]
[SourceVersion "1"]
[SourceVersionDate "2021.10.24"]
[SourceQuality "1"]

1. d4 Nf6 2. c4 g6 3. Nc3 d5 4. cxd5 Nxd5 5. e4 Nxc3 6. bxc3 Bg7 7. Nf3 c5 8. Rb1 0-0 9. Be2 cxd4 10. cxd4 Qa5+ 11. Bd2 Qxa2 12. 0-0 Bg4 13. Bg5 h6 14. Be3 Nc6 15. d5 Na5 16. Bc5 Bf6 17. e5 Bxe5 18. h3 Bxf3 19. Bxf3 Rae8 20. Re1 Nc4 21. Rxb7 Bd6 22. Re2 Qa5 23. Bd4 Nb6 24. Qd3 Nxd5 25. g3 Rc8 26. Rxa7 Nb4 27. Qd2 Qg5 28. Be3 Qf6 29. Be4 Nc6 30. Ra6 Nb8 31. Ra5 h5 32. Bd4 e5 33. Be3 Nc6 34. Ra6 Nd4 35. Kg2 Rc4 36. Re1 Rb8 37. Bg5 Qe6 38. Qa2 Rc7 39. Qxe6 Nxe6 40. Bf6 Bb4 41. Rd1 Nc5 42. Rb6 Rcc8 43. Rxb8 Rxb8 44. Bc6 Bc3 45. Rd5 Ne6 46. Bxe5 Bxe5 47. Rxe5 h4 48. gxh4 Nf4+ 49. Kh2 Rb2 50. Bf3 Nd3 51. Re8+ Kg7 52. Kg3 f5 53. Re2 Rb1 54. h5 gxh5 55. Rd2 Rb3 56. Bxh5 Nc5+ 57. Kh2 1/2-1/2

[Event "BI-2016-F-0000"]
[Site "LSS email"]
[Date "2016.02.14"]
[Round "?"]
[White "Salvatore, Carmine"]
[Black "Muhl, Patrick"]
[Result "1/2-1/2"]
[WhiteElo "2368"]
[BlackElo "2457"]
[PlyCount "61"]
[EventDate "2016.02.20"]
[EventType "tourn (corr)"]
[EventRounds "10"]
[EventCountry "GER"]
[SourceTitle "Corr 2022"]
[Source "ChessBase"]
[SourceDate "2021.10.24"]
[SourceVersion "1"]
[SourceVersionDate "2021.10.24"]
[SourceQuality "1"]

1. e4 c5 2. Nf3 d6 3. d4 cxd4 4. Nxd4 Nf6 5. Nc3 a6 6. Be3 e5 7. Nb3 Be6 8. f3 h5 9. Nd5 Bxd5 10. exd5 Nbd7 11. Qd2 g6 12. Be2 Bg7 13. 0-0 0-0 14. Rac1 Qc7 15. c4 b6 16. Na1 Kh8 17. Nc2 Ng8 18. Nb4 f5 19. Nc6 a5 20. Bd3 Nb8 21. Nxb8 Raxb8 22. Bc2 Qe7 23. a3 Kh7 24. Rfe1 Rfc8 25. Ba4 Bh6 26. Bxh6 Nxh6 27. Rc3 Qa7 28. Kh1 Qg7 29. b4 axb4 30. axb4 Rc7 31. Rec1 1/2-1/2

[Event "CP-2015-Q-00007"]
[Site "LSS email"]
[Date "2015.12.02"]
[Round "?"]
[White "Saganauer, Richard"]
[Black "Muhl, Patrick"]
[Result "1/2-1/2"]
[WhiteElo "2165"]
[BlackElo "2458"]
[PlyCount "84"]
[EventDate "2015.12.08"]
[EventType "tourn (corr)"]
[EventRounds "6"]
[EventCountry "GER"]
[SourceTitle "Corr 2022"]
[Source "ChessBase"]
[SourceDate "2021.10.24"]
[SourceVersion "1"]
[SourceVersionDate "2021.10.24"]
[SourceQuality "1"]

1. d4 Nf6 2. e3 g6 3. Nf3 Bg7 4. Bd3 0-0 5. 0-0 d5 6. c4 c5 7. Nc3 cxd4 8. exd4 Nc6 9. h3 dxc4 10. Bxc4 Na5 11. Bd3 Nc6 12. Be3 Nd5 13. Qd2 Nxe3 14. fxe3 e6 15. Qf2 b6 16. a3 Bb7 17. Rac1 Rc8 18. Rcd1 f5 19. Bc4 Qe7 20. Ba2 Na5 21. d5 exd5 22. Nxd5 Bxd5 23. Rxd5 Kh8 24. Qd2 Rcd8 25. b4 Nb7 26. Rc1 Nd6 27. Rc6 Ne4 28. Qc1 Ng5 29. Nxg5 Qxg5 30. Rxd8 Rxd8 31. Kf1 Be5 32. Rc8 Kg7 33. Rxd8 Qxd8 34. Ke2 Qa8 35. Kf2 h5 36. Bb3 Qb7 37. Qc4 Kh6 38. Qf7 Qc8 39. Qe7 Qc3 40. Bd1 Bf6 41. Qd6 Kh7 42. Be2 Qe5 1/2-1/2